| 000 | 00619nam a22002297a 4500 | ||
|---|---|---|---|
| 005 | 20170124110254.0 | ||
| 010 | _aA-542939 | ||
| 020 |
_c00.00 _a0863630219 |
||
| 035 | _aA-542939 | ||
| 037 | _bCen Lib/Ret | ||
| 040 |
_aDPL _bEN |
||
| 082 |
_a030 _bLOT |
||
| 110 |
_aLondon.Ivy Leaf _9101142 |
||
| 245 | _aLots of things to know / | ||
| 260 |
_aLondon _bIvy Leaf _c1986 |
||
| 270 |
_bLondon _a81 Fulham Road |
||
| 300 |
_a153p. : _c26cm(Hb) _bcol.ill. |
||
| 500 | _aIncludes index | ||
| 650 |
_aQuestions and answers. _9107487 |
||
| 650 |
_aKnowledge _937250 |
||
| 942 |
_2ddc _cEN _h030 _mLOT |
||
| 999 |
_c136056 _d136056 |
||